| 000 | 00382nam a2200169Ia 4500 | ||
|---|---|---|---|
| 008 | 170705s9999 xx 000 0 und d | ||
| 020 | _a439288274 | ||
| 245 | _aWemberly worried / | ||
| 245 | _cKevin Henkes. | ||
| 260 | _aNew York : | ||
| 260 | _bScholastic, | ||
| 260 | _c2000 | ||
| 300 | _aunpaged : | ||
| 300 | _bcolor illustration ; | ||
| 300 | _c26cm. | ||
| 500 | _a170 | ||
| 999 |
_c336967 _d336967 |
||